| 000 | 00970cab a22002175a 4500 | ||
|---|---|---|---|
| 001 | L137269 | ||
| 008 | 070327e2007 xxk 000 0 eng d | ||
| 035 | _a(Sirsi) u137269 | ||
| 041 | 0 | _aeng | |
| 100 | 1 | _aClark, Kate | |
| 245 | 0 | 0 | _aBest of plans? |
| 260 | _c2007 | ||
| 490 |
_aCornerstone _v28(1) 2007, 37-39(3) |
||
| 520 | _aCharts the progress of the Heritage Lottery Fund's (HLF) guidance on conservation planning, launched in 1998 with the requirement that applicants for projects costing over £500 000 (later £1m) should submit a conservation plan. Examines why conservation plans were required; revisions to the guidance in 2004; current issues with conservation management plans; and future plans to revise the HLF guidance. | ||
| 590 | _aKA | ||
| 650 | 2 | 4 | _aHERITAGE LOTTERY FUND |
| 651 | 4 |
_aUnited Kingdom _y |
|
| 690 | _aBUILT ENVIRONMENT-BUILDING MAINTENANCE AND REFURBISHMENT-BUILDING CONSERVATION | ||
| 700 | 1 | _aSimpson, James | |
| 942 | _n0 | ||
| 999 |
_c78575 _d78575 |
||